| 000 | 00756nam a2200229 4500 | ||
|---|---|---|---|
| 999 |
_c13692 _d13692 |
||
| 003 | MIRAKIL | ||
| 005 | 20211214000617.0 | ||
| 008 | 200107b tu ||||| |||| 00| 0 tur d | ||
| 020 | _a9755917233 | ||
| 040 |
_aTR-AnCHP _cTR-AnCHP |
||
| 041 | _atur | ||
| 082 |
_a324.6 _bY28t 2004 |
||
| 100 | _aYavaşgel, Emine | ||
| 245 | 1 | 0 |
_aTemsilde adalet ve siyasal istikrar açısından seçim sistemleri ve Türkiye'deki durum / _cEmine Yavaşgel. |
| 260 |
_aAnkara : _bNobel Yayın Dağıtım, _c2004. |
||
| 300 |
_a257 s.: _c19 sm. |
||
| 490 | 0 |
_aNobel yayınları; _aHukuk yayınları Dizisi: _vNo:738. _v31. |
|
| 504 | _aKaynakça vardır. | ||
| 650 | 0 |
_aSiyaset ve yönetim _xTürkiye _99 |
|
| 650 | 0 |
_9764 _aSeçim sistemleri _xTürkiye |
|
| 942 |
_2ddc _cBKS |
||